000 00411nam a2200133Ia 4500
008 151001s9999||||xx |||||||||||||| ||und||
100 _aनवीनचंद्र लोह्नी
245 _aपाँच लाख का हिंदी मास्टर
250 _a1
260 _bभावना प्रकाशन धुळे
260 _c2003
300 _a79
365 _b21
999 _c989924
_d989921